000 00986nam a22002177a 4500
008 110119s2008 ua|||||r|||| 000 0 ara d
020 _a9789774205631
082 _a509
_bس ل ي
100 _922047
_aسليمان ، مصطفى محمود
245 _aتاريخ العلوم والتكنولوجيا :
_bفي العصور القديمة والوسطى ومكانة الحضارة الإسلامية فيه /
_cتأليف مصطفى محمود سليمان
250 _aط2، منقحة ومزيدة
260 _aالقاهرة :
_bالهيئة المصرية العامة للكتاب ، 2008
_c2008
300 _a759 ص :
_bصور ؛
_c22 سم
504 _aببليوجرافية : ص739-759
541 _aد. مصطفى محمود سليمان ؛
_cإهداء ؛
650 _916609
_aالعلوم
_xتاريخ
942 _2ddc
_cBB
_hRDA-MOD
999 _c14917
_d14917
336 _2rdacontent
_aنص
_btxt
337 _aبدون وسيط
_2rdamedia
_bn
338 _aمجلد
_bnc
_2rdacarrier